[Event "POL-ChT3"]
[Site "Lazy POL"]
[Date "2012.09.02"]
[Round "2"]
[White "Kalvaitis, Sigitas"]
[Black "Przybylski, Bartosz"]
[Result "1/2-1/2"]
[WhiteElo "2233"]
[BlackElo "2102"]
[EventDate "2012.09.01"]
[PlyCount "0"]

1.e4 c5 2.Nf3 e6 3.c3 d5 4.e5 d4 5.cxd4 cxd4 6.Bb5+ Bd7 7.Bxd7+ Nxd7 8.d3 
Nxe5 9.Qa4+ Nc6 10.O-O Ne7 11.Bg5 Qd5 12.Nbd2 Nf5 13.Rfe1 Bb4 14.a3 Bxd2 
15.Bxd2 O-O 16.Re4 b5 17.Qd1 f6 18.Rc1 Rac8 19.b4 e5 20.Rc5 Qf7 21.Re1 a6 
22.Qc2 Nce7 23.Rc1 Rxc5 24.Qxc5 Qe6 25.Qa7 Rc8 26.Rc5 g5 27.h3 h5 28.Qb7 
Rxc5 29.bxc5 Qc8 30.Qb6 Qc6 31.Qb8+ Kg7 32.Qa7 Kf7 33.Bxg5 Kg8 34.Bd2 Nc8 
35.Qb8 Qxc5 36.Qb7 Nfe7 37.Qxa6 Qb6 38.Qa8 Qc6 39.Qa5 Nb6 40.Qa7 Nbc8 41.
Qa5 Nb6 42.Qa7 Nbc8 43.Qa5 Nb6 44.Qa7 1/2-1/2

[Event "POL-ChT3"]
[Site "Lazy POL"]
[Date "2012.09.02"]
[Round "2"]
[White "Duszczak, Dariusz"]
[Black "Cajbel, Maciej"]
[Result "0-1"]
[WhiteElo "2011"]
[BlackElo "2237"]
[EventDate "2012.09.01"]
[PlyCount "112"]

1.e4 g6 2.d4 Bg7 3.Nf3 c5 4.c3 cxd4 5.cxd4 d5 6.Bb5+ Bd7 7.Bxd7+ Qxd7 8.e5
Nc6 9.O-O Nh6 10.Re1 O-O 11.Bf4 f6 12.Qd2 Nf5 13.Nc3 g5 14.Bg3 g4 15.e6 
Qd8 16.Nh4 Nfxd4 17.Rad1 f5 18.Qg5 h6 19.Qf4 Kh7 20.Kh1 b5 21.a3 a5 22.f3 
b4 23.Na4 gxf3 24.gxf3 Bf6 25.Bf2 Qb8 26.Qxb8 Rfxb8 27.Rg1 bxa3 28.bxa3 
Rb3 29.Nc5 Rb2 30.Nd3 Rxf2 31.Nxf2 Bxh4 32.Nd3 Nxe6 33.Ne1 Ncd4 34.Ng2 Bf6
35.Rgf1 Ng5 36.Nh4 e6 37.Rb1 Ra7 38.Rb6 Rc7 39.Rfb1 Nf7 40.Rb7 Rxb7 41.
Rxb7 Kg7 42.Ng2 Be5 43.f4 Bd6 44.a4 Kf6 45.Ra7 Bb4 46.Ra6 Ne2 47.Ne3 Nxf4 
48.Nc2 Bc3 49.Kg1 Ne5 50.Kf2 d4 51.Na3 d3 52.Nb1 Bb4 53.Ke3 Nd5+ 54.Kd4 d2
55.Nxd2 Bxd2 56.h4 Be3# 0-1

[Event "POL-ChT3"]
[Site "Lazy POL"]
[Date "2012.09.02"]
[Round "2"]
[White "Czachor, Radoslaw"]
[Black "Plonczak, Mateusz"]
[Result "0-1"]
[WhiteElo "2063"]
[BlackElo "1965"]
[EventDate "2012.09.01"]
[PlyCount "0"]

1.e4 c5 2.Nf3 Nc6 3.d4 cxd4 4.Nxd4 Nf6 5.Nc3 e5 6.Ndb5 d6 7.Bg5 a6 8.Na3 
b5 9.Bxf6 gxf6 10.Nd5 Bg7 11.Bd3 Be6 12.c3 Bxd5 13.exd5 Ne7 14.Qg4 O-O 15.
Nc2 Qc8 16.Qh5 f5 17.Rd1 e4 18.Be2 Ng6 19.Nd4 Bxd4 20.Rxd4 Re8 21.O-O Kh8 
22.Qg5 Qd8 23.Qxf5 Re5 24.Qh3 Qg5 25.g3 Nf4 26.Qg4 Rg8 27.Kh1 Qxg4 28.Bxg4
Rxg4 29.gxf4 Rxf4 30.f3 Rxf3 31.Rxf3 exf3 32.Kg1 Re2 33.Rf4 Kg7 34.Rxf3 
Rxb2 35.Rg3+ Kf6 36.Rf3+ Ke7 37.a4 bxa4 38.c4 Rb3 39.Rf1 a3 40.Ra1 Kf6 41.
Kf2 Ke5 42.Rd1 Rb2+ 43.Ke3 a2 44.Ra1 Rxh2 0-1

[Event "POL-ChT3"]
[Site "Lazy POL"]
[Date "2012.09.02"]
[Round "2"]
[White "Huchwajda, Katarzyna"]
[Black "Ogonowska, Katarzyna"]
[Result "0-1"]
[WhiteElo "1867"]
[BlackElo "1846"]
[EventDate "2012.09.01"]
[PlyCount "120"]

1.e4 c5 2.Nf3 d6 3.d4 cxd4 4.Nxd4 Nf6 5.Nc3 g6 6.Bc4 Bg7 7.Bb3 Nc6 8.Be3 
O-O 9.h3 a5 10.a3 Bd7 11.O-O Rc8 12.f4 Nxd4 13.Bxd4 b5 14.e5 Ne8 15.Nd5 
Bc6 16.e6 fxe6 17.Nb6 Rb8 18.Bxe6+ Kh8 19.Nd5 Nf6 20.Nxf6 Bxf6 21.g4 Bd7 
22.Ba2 e5 23.fxe5 dxe5 24.Bc5 Be7 25.Qd5 Bxc5+ 26.Qxc5 Re8 27.Bf7 Qh4 28.
Qe3 Re7 29.Bd5 Rc8 30.Rf2 Rd8 31.Bg2 Bc8 32.Qb6 Red7 33.Qxb5 Qg3 34.Qf1 
Bb7 35.Rf8+ Kg7 36.Rxd8 Rxd8 37.g5 Qxg5 38.Kh1 Bxg2+ 39.Qxg2 Qxg2+ 40.Kxg2
Rd2+ 41.Kf3 Rxc2 42.Rb1 Kf6 43.a4 Kf5 44.b4 Rc3+ 45.Kg2 axb4 46.Rxb4 Ra3 
47.Kf2 Rxh3 48.a5 Ra3 49.Rb5 h5 50.Rc5 Kf4 51.Rc4+ e4 52.Rc6 Ra2+ 53.Ke1 
g5 54.a6 h4 55.Rf6+ Ke3 56.Kf1 h3 57.Kg1 g4 58.Rf1 Rxa6 59.Kh2 Ra2+ 60.Kg3
Rg2+ 0-1

[Event "POL-ChT3"]
[Site "Lazy POL"]
[Date "2012.09.02"]
[Round "2"]
[White "Paprocki, Jaroslaw"]
[Black "Steczek, Marcin"]
[Result "1-0"]
[WhiteElo "2224"]
[BlackElo "2409"]
[EventDate "2012.09.01"]
[PlyCount "93"]

1.e4 e6 2.d4 d5 3.Nd2 Be7 4.Ngf3 b6 5.c3 Bb7 6.e5 c5 7.Be2 Nc6 8.O-O Qd7 
9.Nb3 c4 10.Nbd2 Nh6 11.Re1 Nf5 12.Nf1 Na5 13.g4 Nh4 14.Nxh4 Bxh4 15.Ng3 
O-O-O 16.b4 Nc6 17.a4 Kb8 18.Rf1 Ka8 19.Nh5 f6 20.f4 h6 21.Be3 Rdf8 22.b5 
Na5 23.exf6 Bxf6 24.Qc2 Bd8 25.f5 Bc8 26.Nf4 Bg5 27.fxe6 Qd6 28.Ng2 Qxe6 
29.Bf2 Nb3 30.Rad1 Be7 31.Bg3 Bd6 32.Bf3 Bxg3 33.hxg3 Qd6 34.Nf4 Bb7 35.
Qg2 Rd8 36.Rfe1 g5 37.Ne6 Rd7 38.Re5 Kb8 39.Rde1 Rg8 40.Qh1 Nd2 41.Bg2 Ne4
42.Bxe4 dxe4 43.Qxh6 Qa3 44.Rxg5 Re8 45.Rg7 Qxc3 46.Qf4+ Ka8 47.Rc1 1-0

[Event "POL-ChT3"]
[Site "Lazy POL"]
[Date "2012.09.02"]
[Round "2"]
[White "Meczynski, Waldemar"]
[Black "Lewandowski, Krzysztof"]
[Result "1-0"]
[WhiteElo "2153"]
[BlackElo "2136"]
[EventDate "2012.09.01"]
[PlyCount "89"]

1.e4 Nf6 2.e5 Nd5 3.d4 d6 4.c4 Nb6 5.exd6 cxd6 6.Nc3 g6 7.Bd3 Bg7 8.Nge2 
O-O 9.O-O Nc6 10.Be3 Bg4 11.f3 Bf5 12.b3 Bxd3 13.Qxd3 e6 14.Rac1 d5 15.c5 
Nc8 16.Qd2 Re8 17.Bh6 Bh8 18.Bg5 Qd7 19.Rfd1 N8e7 20.Nb5 Nf5 21.g4 a6 22.
gxf5 axb5 23.fxg6 hxg6 24.f4 Ne7 25.Bxe7 Qxe7 26.Nc3 b4 27.Nb5 Ra5 28.Qe2 
Rea8 29.Rc2 Qd7 30.Nd6 Bf6 31.Rdd2 Kg7 32.Qg2 Rh8 33.f5 Rh5 34.fxe6 Qxe6 
35.Kh1 Ra8 36.Re2 Qd7 37.Rcd2 Be7 38.Re5 Rah8 39.Rxd5 Rxh2+ 40.Qxh2 Qc6 
41.Nf5+ gxf5 42.Rg2+ Qg6 43.Rxg6+ fxg6 44.Qxh8+ Kxh8 45.Rd7 1-0

[Event "POL-ChT3"]
[Site "Lazy POL"]
[Date "2012.09.02"]
[Round "2"]
[White "Lunkiewicz, Dariusz"]
[Black "Walaszczyk, Witold"]
[Result "0-1"]
[WhiteElo "2052"]
[BlackElo "2210"]
[EventDate "2012.09.01"]
[PlyCount "150"]

1.d4 Nf6 2.Nf3 e6 3.Bf4 b6 4.e3 Bb7 5.Nbd2 Be7 6.Bd3 O-O 7.c3 d6 8.Qe2 
Nbd7 9.e4 Re8 10.O-O Nf8 11.Rad1 Ng6 12.Bg3 Nh5 13.Bc2 Qc8 14.Ne1 Nxg3 15.
fxg3 c5 16.Ndf3 Ba6 17.Bd3 Bxd3 18.Nxd3 cxd4 19.Nxd4 Qc4 20.Nb4 Qxe2 21.
Nxe2 Ne5 22.Nd4 Nc4 23.Rf2 Bg5 24.Re2 Be3+ 25.Kh1 Bxd4 26.Rxd4 Rac8 27.h3 
Kf8 28.b3 Ne5 29.c4 Ke7 30.Nc2 h5 31.Rd1 g5 32.Nd4 a6 33.Red2 Red8 34.Kg1 
f6 35.Kf2 Nc6 36.Nc2 b5 37.Na3 b4 38.Nc2 a5 39.Ne3 a4 40.Rb1 Ra8 41.Nc2 
axb3 42.axb3 Ra2 43.Ke3 Rda8 44.Rbd1 R8a6 45.Nd4 Nxd4 46.Kxd4 R6a3 47.Rd3 
Rxg2 48.c5 Rc2 49.cxd6+ Kxd6 50.Ke3+ Ke5 51.Kf3 Rb2 52.Rc1 f5 53.Rc5+ Kf6 
54.e5+ Kg6 55.Rc6 Rbxb3 56.Rxb3 Rxb3+ 57.Kf2 f4 58.gxf4 gxf4 59.Rxe6+ Kf5 
60.Rh6 Kxe5 61.Rxh5+ Ke4 62.Rb5 Rb2+ 63.Kf1 Kf3 64.Ke1 Kg3 65.Rf5 b3 66.
Rb5 Kxh3 67.Rb8 Kg2 68.Rg8+ Kf3 69.Rb8 Re2+ 70.Kf1 Rb2 71.Ke1 Rb1+ 72.Kd2 
Kf2 73.Rf8 f3 74.Rg8 b2 75.Rb8 Re1 0-1

[Event "POL-ChT3"]
[Site "Lazy POL"]
[Date "2012.09.02"]
[Round "2"]
[White "Swiatnicki, Andrzej"]
[Black "Tabaczka, Jerzy"]
[Result "1-0"]
[WhiteElo "2127"]
[BlackElo "1855"]
[EventDate "2012.09.01"]
[PlyCount "109"]

1.e4 c5 2.c3 g6 3.d4 cxd4 4.cxd4 Bg7 5.Nc3 d6 6.Be3 Nf6 7.h3 O-O 8.Nf3 a6 
9.a4 b6 10.Bd3 Bb7 11.O-O Nc6 12.Rc1 Rc8 13.Qe2 Nb4 14.Bb1 Qd7 15.Rfd1 Bc6
16.b3 Bb7 17.Nd2 Qd8 18.f4 e6 19.Nf1 Re8 20.Ng3 Qe7 21.Na2 d5 22.e5 Nd7 
23.Bd2 Nxa2 24.Bxa2 Qa3 25.Be3 Nb8 26.Rc2 Rxc2 27.Qxc2 Rc8 28.Qb1 Nc6 29.
Bc1 Qb4 30.Ne2 a5 31.Qd3 Qe7 32.Bb1 Qc7 33.Ba3 Bf8 34.Bxf8 Kxf8 35.Rc1 Qd8
36.Qd2 Ba6 37.Bd3 Bxd3 38.Qxd3 Nb4 39.Qd2 Rxc1+ 40.Qxc1 Qd7 41.Qc3 Kg7 42.
Kf2 h6 43.g4 Qe7 44.Ng3 Na2 45.Qc2 Nb4 46.Qd2 Qd7 47.f5 b5 48.g5 exf5 49.
gxh6+ Kh7 50.Qg5 f4 51.Qf6 Kxh6 52.Qh8+ Kg5 53.Kf3 fxg3 54.h4+ Kf5 55.Qf6#
1-0

[Event "POL-ChT3"]
[Site "Lazy POL"]
[Date "2012.09.02"]
[Round "2"]
[White "Marchel, Agnieszka"]
[Black "Smagalski, Slawomir"]
[Result "1-0"]
[WhiteElo "1995"]
[BlackElo "2028"]
[EventDate "2012.09.01"]
[PlyCount "101"]

1.d4 Nf6 2.Nf3 e6 3.Bf4 b6 4.c4 Bb7 5.e3 Bb4+ 6.Nc3 O-O 7.a3 Be7 8.Bd3 Nh5
9.Bg3 Nxg3 10.hxg3 h6 11.Bc2 d6 12.g4 Nd7 13.d5 Re8 14.Qd3 Nf8 15.Ne4 e5 
16.Ba4 Nd7 17.g5 hxg5 18.Nexg5 Bxg5 19.Qh7+ Kf8 20.Bxd7 Qxd7 21.Nxg5 c6 
22.Qh8+ Ke7 23.Qxg7 Qf5 24.e4 Qf6 25.Qxf6+ Kxf6 26.Nf3 cxd5 27.exd5 Rac8 
28.Nd2 Rg8 29.Rh6+ Ke7 30.g3 Rg4 31.a4 a6 32.Ra3 b5 33.axb5 axb5 34.Ra7 
Rc7 35.c5 Rd7 36.cxd6+ Kf8 37.Rh8+ Kg7 38.Rb8 Bc8 39.Rxd7 Bxd7 40.Rb7 Rd4 
41.Rxd7 Rxd5 42.Ke2 Rd4 43.Ke3 Kf8 44.Rd8+ Kg7 45.Ne4 f5 46.Nc5 Kf7 47.
Rf8+ Kxf8 48.Ne6+ Kf7 49.Nxd4 exd4+ 50.Kxd4 Ke6 51.Kc5 1-0

[Event "POL-ChT3"]
[Site "Lazy POL"]
[Date "2012.09.02"]
[Round "2"]
[White "Swiatnicka, Malgorzata"]
[Black "Lewandowska, Anika"]
[Result "0-1"]
[WhiteElo "1819"]
[BlackElo "1937"]
[EventDate "2012.09.01"]
[PlyCount "94"]

1.e4 e5 2.Nf3 Nc6 3.d4 exd4 4.c3 d5 5.exd5 Qxd5 6.cxd4 Bg4 7.Be2 O-O-O 8.
Nc3 Qa5 9.Be3 Bb4 10.O-O Bxc3 11.bxc3 Qxc3 12.Rb1 Qa3 13.Qc2 Nge7 14.Rb3 
Qd6 15.Rc1 f6 16.Qb2 b6 17.Rbc3 Be6 18.Nd2 Bd5 19.Qb5 Rd7 20.Nc4 Qe6 21.
Na3 Nxd4 22.Bxd4 Qe4 23.Bf3 Qxd4 24.Qa6+ Kd8 25.Nb5 Qf4 26.Qxa7 Nc8 27.Qa3
c5 28.Rd1 Bxf3 29.Rxd7+ Kxd7 30.Rxf3 Qc4 31.Na7 Re8 32.h3 Re1+ 33.Kh2 Nd6 
34.Rb3 Qf4+ 35.Rg3 h5 36.Qf3 Qxf3 37.Rxg7+ Ke6 38.gxf3 Re2 39.Kg2 Rxa2 40.
Nc6 Ra4 41.Nd8+ Kd5 42.Rd7 b5 43.Kf1 b4 44.Ke2 c4 45.Nb7 Ra6 46.Kd2 Rb6 
47.Na5 b3 0-1

[Event "POL-ChT3"]
[Site "Lazy POL"]
[Date "2012.09.02"]
[Round "2"]
[White "Bielinski, Dariusz"]
[Black "Dors, Ryszard"]
[Result "1-0"]
[WhiteElo "2215"]
[BlackElo "2220"]
[EventDate "2012.09.01"]
[PlyCount "65"]

1.e4 c6 2.d3 d5 3.Nd2 Nf6 4.e5 Nfd7 5.d4 Nb6 6.Bd3 Na6 7.c3 Nc7 8.h3 g6 9.
Ne2 c5 10.Nf3 Bg7 11.Be3 cxd4 12.cxd4 O-O 13.b3 Nd7 14.Qd2 f6 15.Bh6 fxe5 
16.Bxg7 Kxg7 17.Nxe5 Nxe5 18.dxe5 Ne6 19.f4 Qb6 20.h4 Nc5 21.h5 Bf5 22.
Bxf5 Rxf5 23.hxg6 hxg6 24.g4 Rff8 25.f5 Rh8 26.O-O-O Ne4 27.Qd4 Qxd4 28.
Nxd4 Rhc8+ 29.Kb2 Nf2 30.f6+ exf6 31.exf6+ Kf8 32.f7 Kg7 33.Rdf1 1-0

[Event "POL-ChT3"]
[Site "Lazy POL"]
[Date "2012.09.02"]
[Round "2"]
[White "Kielbratowski, Aleksander"]
[Black "Sek, Joachim"]
[Result "1/2-1/2"]
[WhiteElo "2096"]
[BlackElo "2140"]
[EventDate "2012.09.01"]
[PlyCount "70"]

1.e4 e6 2.d4 d5 3.e5 c5 4.c3 Nc6 5.Nf3 Qb6 6.a3 Bd7 7.b4 cxb4 8.cxb4 Rc8 
9.Bb2 Na5 10.Nbd2 Nc4 11.Nxc4 dxc4 12.Rc1 Qa6 13.Be2 Ne7 14.O-O Nd5 15.Nd2
b5 16.Ne4 Be7 17.Qd2 Qb7 18.Nc3 Bc6 19.f3 O-O 20.Rf2 Ra8 21.f4 Rfd8 22.f5 
exf5 23.Rxf5 Nxc3 24.Rxc3 Be4 25.Bf3 f6 26.Re3 Bxf3 27.Rexf3 fxe5 28.Rf7 
Rf8 29.Qf2 Rxf7 30.Rxf7 Rf8 31.Rxf8+ Bxf8 32.dxe5 Qe4 33.h3 a6 34.Bc3 h6 
35.Qa7 Qc6 1/2-1/2

[Event "POL-ChT3"]
[Site "Lazy POL"]
[Date "2012.09.02"]
[Round "2"]
[White "Morkisz, Bogdan"]
[Black "Szylko, Waldemar"]
[Result "1-0"]
[WhiteElo "2119"]
[BlackElo "2023"]
[EventDate "2012.09.01"]
[PlyCount "201"]

1.Nf3 c6 2.g3 d5 3.Bg2 Bg4 4.h3 Bh5 5.O-O Nf6 6.d3 e6 7.Nbd2 Be7 8.b3 c5 
9.Bb2 Nc6 10.Ne5 Nxe5 11.Bxe5 O-O 12.g4 Bg6 13.f4 Nd7 14.Bb2 Bf6 15.Bxf6 
Qxf6 16.e3 h6 17.Nf3 Rad8 18.Qe1 Rfe8 19.h4 h5 20.g5 Qe7 21.e4 Qd6 22.Nd2 
Nb6 23.Rd1 c4 24.dxc4 dxe4 25.Nxe4 Qc7 26.Qf2 Bxe4 27.Bxe4 g6 28.Qf3 Rb8 
29.Rd2 Nd7 30.Qe3 Nc5 31.Rfd1 Nxe4 32.Qxe4 Qc5+ 33.Kg2 b5 34.cxb5 Qxb5 35.
c4 Qa5 36.Qe5 Qa6 37.Kg3 Rbc8 38.Qd6 Qa5 39.Qe5 Qa6 40.Qf6 Qb6 41.Rd3 Qc5 
42.Qe5 Qb6 43.Rd7 Rf8 44.Qd4 Qa5 45.Qf2 Qf5 46.Qf3 Qc5 47.Qe4 Qb6 48.Rb7 
Qa5 49.Rdd7 Rfd8 50.Rxa7 Qc3+ 51.Qf3 Qe1+ 52.Qf2 Qc3+ 53.Kg2 Ra8 54.Rxa8 
Rxa8 55.Qd2 Qa1 56.Rd8+ Rxd8 57.Qxd8+ Kh7 58.Qd2 e5 59.fxe5 Qxe5 60.Qf2 
Qe4+ 61.Qf3 Qxh4 62.Qxf7+ Kh8 63.Qxg6 Qg4+ 64.Kf2 h4 65.Qh6+ Kg8 66.g6 
Qg3+ 67.Ke2 Qg2+ 68.Ke3 Qg1+ 69.Ke4 Qg2+ 70.Kd4 Qb2+ 71.Kd5 Qg2+ 72.Kc5 
Qf2+ 73.Kb5 Qf5+ 74.c5 Qd3+ 75.Ka5 Qd8+ 76.Kb4 Qd4+ 77.Kb5 Qd3+ 78.Ka4 
Qa6+ 79.Kb4 Qb7+ 80.Kc3 Qf3+ 81.Kd4 Qf6+ 82.Kd3 Qf5+ 83.Ke2 Qg4+ 84.Ke3 
Qg3+ 85.Ke4 Qg2+ 86.Kf5 Qd5+ 87.Kg4 Qg2+ 88.Kf5 Qd5+ 89.Kf6 Qd8+ 90.Ke6 
Qc8+ 91.Kd6 Qd8+ 92.Ke5 Qe7+ 93.Kd4 Qf6+ 94.Kc4 Qe6+ 95.Kb5 Qd7+ 96.c6 
Qd5+ 97.Kb6 Qd4+ 98.Kb7 Qb4+ 99.Kc8 Qg4+ 100.Kc7 Qg3+ 101.Kb7 1-0

[Event "POL-ChT3"]
[Site "Lazy POL"]
[Date "2012.09.02"]
[Round "2"]
[White "Kielbratowski, Maciej"]
[Black "Pochcial, Jan"]
[Result "1/2-1/2"]
[WhiteElo "1850"]
[BlackElo "2094"]
[EventDate "2012.09.01"]
[PlyCount "67"]

1.d4 Nf6 2.c4 e6 3.Nf3 b6 4.a3 Bb7 5.Nc3 Be7 6.Bg5 Ne4 7.Bxe7 Qxe7 8.Rc1 
O-O 9.e3 f5 10.Be2 d6 11.O-O Nd7 12.Nxe4 Bxe4 13.Nd2 Bb7 14.Bf3 Bxf3 15.
Qxf3 e5 16.Qc6 Nf6 17.Nf3 e4 18.Nd2 Qd7 19.Qb7 a5 20.d5 Rfb8 21.Qc6 Qxc6 
22.dxc6 Ng4 23.Nb3 Ne5 24.Nd4 Rf8 25.Rc2 a4 26.f3 exf3 27.gxf3 g6 28.h3 
Nd3 29.Rg2 Rae8 30.Re2 Re7 31.Rd1 Nc5 32.Kf2 Rfe8 33.Nb5 Ne6 34.Nc3 
1/2-1/2

[Event "POL-ChT3"]
[Site "Lazy POL"]
[Date "2012.09.02"]
[Round "2"]
[White "Olbrich, Mariola"]
[Black "Dziopa, Malgorzata"]
[Result "0-1"]
[WhiteElo "1680"]
[BlackElo "1792"]
[EventDate "2012.09.01"]
[PlyCount "150"]

1.e4 e5 2.Nf3 Nf6 3.d3 Nc6 4.Bg5 Be7 5.Nbd2 O-O 6.Be2 d5 7.O-O Be6 8.h3 
Nd7 9.Bxe7 Qxe7 10.Re1 Rad8 11.Qc1 Nc5 12.a3 dxe4 13.Nxe4 Nxe4 14.dxe4 f6 
15.Qe3 b6 16.Rad1 Rxd1 17.Rxd1 Rd8 18.Rxd8+ Qxd8 19.c3 Na5 20.Nd2 Nb7 21.
Bc4 Bxc4 22.Nxc4 Qd1+ 23.Kh2 Nc5 24.Nd2 Qc2 25.b4 Nd3 26.Kg3 Qxc3 27.Nf3 
Qc2 28.h4 c5 29.bxc5 Nxc5 30.Nd2 Qd3 31.Kf3 Kf7 32.g3 Ke6 33.Qxd3 Nxd3 34.
Ke2 Nc5 35.g4 g6 36.f3 f5 37.g5 fxe4 38.fxe4 b5 39.Ke3 Kd6 40.Nb1 Na4 41.
Kd3 Kc5 42.Nd2 Nb2+ 43.Kc3 Nd1+ 44.Kd3 a5 45.Nb3+ Kb6 46.Nd2 Nb2+ 47.Kc2 
Na4 48.Nf3 Nc5 49.Nxe5 Kc7 50.Ng4 Nxe4 51.Kd3 Nc5+ 52.Kc2 Nd7 53.Kd3 Kd6 
54.Kd4 Ke6 55.Ne3 Kd6 56.Nd5 Kc6 57.Ne7+ Kd6 58.Nd5 Ne5 59.Nf6 Nf3+ 60.Ke4
Nxh4 61.Nxh7 Kc5 62.Nf8 b4 63.axb4+ Kxb4 64.Kd3 Kb3 65.Ne6 Nf3 66.Nc5+ Kb4
67.Ne4 a4 68.Kc2 a3 69.Nf2 Nxg5 70.Nd3+ Ka4 71.Nc5+ Kb5 72.Nd7 Kb4 73.Ne5 
Ne6 74.Nxg6 Nd4+ 75.Kb1 Kb3 0-1

[Event "POL-ChT3"]
[Site "Lazy POL"]
[Date "2012.09.03"]
[Round "3"]
[White "Musialkiewicz, Jan"]
[Black "Tazbir, Marcin"]
[Result "0-1"]
[WhiteElo "2224"]
[BlackElo "2554"]
[EventDate "2012.09.01"]

1.e4 c6 2.Nc3 d5 3.Nf3 dxe4 4.Nxe4 Nf6 5.Nxf6+ gxf6 6.d4 Bg4 7.Be2 Qc7 8.
Be3 Nd7 9.Qd2 e6 10.h3 Bf5 11.Bf4 Qb6 12.O-O-O O-O-O 13.Bd3 Bg6 14.Qe2 Qa5
15.Kb1 Nb6 16.Bd2 Bb4 17.a3 Bxd2 18.Qxd2 Qxd2 19.Rxd2 Rhg8 20.Bxg6 hxg6 
21.h4 Rd5 22.b3 Rf5 23.c4 a5 24.a4 Nd7 25.Kc2 Kc7 26.Re1 b5 27.axb5 cxb5 
28.Ra1 Ra8 29.Kc3 g5 30.hxg5 fxg5 31.Rda2 b4+ 32.Kd3 Kb6 33.Ke3 g4 34.Nh4 
Rh5 35.g3 e5 36.Rd1 exd4+ 37.Rxd4 Nc5 38.Rb2 Re8+ 39.Kd2 Rhe5 40.Ng2 Re2+ 
41.Kc1 Rxb2 42.Kxb2 Re2+ 43.Kb1 Nxb3 44.Rxg4 a4 45.Ne3 a3 0-1

[Event "POL-ChT3"]
[Site "Lazy POL"]
[Date "2012.09.03"]
[Round "3"]
[White "Mikrut, Dariusz"]
[Black "Bardeli, Lukasz"]
[Result "1-0"]
[WhiteElo "2355"]
[BlackElo "2287"]
[EventDate "2012.09.01"]

1.d4 d5 2.c4 c6 3.Nf3 Nf6 4.e3 g6 5.Nc3 Bg7 6.Bd3 O-O 7.h3 a6 8.a4 a5 9.
O-O Na6 10.e4 dxe4 11.Nxe4 Nxe4 12.Bxe4 c5 13.d5 Nb4 14.Re1 e6 15.Bg5 f6 
16.Bh4 g5 17.Qb1 exd5 18.Bxh7+ Kh8 19.Qg6 Bd7 20.Qh5 Re8 21.Bg3 Rxe1+ 22.
Rxe1 Ra6 23.cxd5 f5 24.Bg6+ Kg8 25.Be5 Qe7 26.Bc3 1-0

[Event "POL-ChT3"]
[Site "Lazy POL"]
[Date "2012.09.03"]
[Round "3"]
[White "Banach, Wieslaw"]
[Black "Brzeski, Maciej"]
[Result "0-1"]
[WhiteElo "2086"]
[BlackElo "2314"]
[EventDate "2012.09.01"]

1.e4 c5 2.Nc3 Nc6 3.f4 g6 4.Nf3 Bg7 5.Bb5 Nd4 6.O-O a6 7.Bc4 e6 8.e5 d5 9.
exd6 Qxd6 10.d3 b5 11.Bb3 Bb7 12.Nxd4 Bxd4+ 13.Kh1 Qc6 14.Qe2 Ne7 15.Bd2 
h5 16.Ne4 h4 17.c3 Bg7 18.h3 c4 19.Bc2 cxd3 20.Bxd3 O-O-O 21.Bc2 f5 22.Ng5
Qxg2+ 23.Qxg2 Bxg2+ 24.Kxg2 Rxd2+ 25.Rf2 Rxf2+ 26.Kxf2 Rd8 27.Re1 Rd2+ 28.
Re2 Rxe2+ 29.Kxe2 e5 30.fxe5 Bxe5 31.Nf3 Bf6 32.a4 Kc7 33.axb5 axb5 34.Bb3
Kd6 35.Ke3 Nd5+ 36.Bxd5 Kxd5 37.Kd3 g5 38.b3 g4 39.c4+ Ke6 40.Ng1 b4 41.
Ke3 Ke5 42.Ne2 Bg5+ 43.Kf2 Ke4 44.Kg2 Be3 45.Kh2 Kd3 46.Ng1 Kc2 0-1

[Event "POL-ChT3"]
[Site "Lazy POL"]
[Date "2012.09.03"]
[Round "3"]
[White "Barski, Radoslaw"]
[Black "Nowak, Rafal"]
[Result "1-0"]
[WhiteElo "2241"]
[BlackElo "2054"]
[EventDate "2012.09.01"]

1.e4 c5 2.Nf3 e6 3.d4 cxd4 4.Nxd4 Nc6 5.Nc3 Qc7 6.Be3 a6 7.Bd3 Nf6 8.O-O 
Ne5 9.h3 Bc5 10.Kh1 d6 11.f4 Ned7 12.Qe1 b5 13.a3 Bb7 14.b4 Bb6 15.a4 Rc8 
16.Ncxb5 axb5 17.Nxb5 Qb8 18.Bxb6 Nxb6 19.e5 Nfd5 20.Nxd6+ Kf8 21.Nxc8 
Qxc8 22.a5 Nc4 23.b5 Nde3 24.Qb4+ Kg8 25.Rf2 Nxg2 26.Rxg2 Ne3 27.Be4 Nxg2 
28.a6 1-0

[Event "POL-ChT3"]
[Site "Lazy POL"]
[Date "2012.09.03"]
[Round "3"]
[White "Dzwikowski, Adam"]
[Black "Slabek, Grzegorz"]
[Result "1/2-1/2"]
[WhiteElo "2018"]
[BlackElo "2105"]
[EventDate "2012.09.01"]

1.d4 Nf6 2.c4 c6 3.Nc3 d5 4.Nf3 e6 5.e3 Be7 6.Qc2 O-O 7.Ne5 Nbd7 8.Bd3 Qc7
9.f4 dxc4 10.Nxc4 c5 11.Bd2 a6 12.a4 cxd4 13.exd4 b6 14.O-O Bb7 15.Rae1 
Rfe8 16.f5 Bd6 17.Nxd6 Qxd6 18.fxe6 Rxe6 19.Rxe6 fxe6 20.Ne2 Qd5 21.Nf4 
Qxd4+ 22.Kh1 Rc8 23.Bc3 Qd6 24.Qe2 e5 25.Rd1 Qe7 26.Bf5 Rc6 27.Nh5 g6 28.
Bxd7 Nxd7 29.Ng3 Nc5 30.Rd5 Re6 31.Rxe5 Rxe5 32.Bxe5 Qe6 33.a5 bxa5 34.Bc3
Qxe2 35.Nxe2 Nd3 36.Kg1 Bd5 37.g3 a4 38.Nf4 Nxf4 39.gxf4 Kf7 40.Kf2 Ke6 
41.Ke3 Kf5 42.h4 Be4 43.Bg7 Bd5 44.Bc3 Be4 45.Bg7 1/2-1/2

[Event "POL-ChT3"]
[Site "Lazy POL"]
[Date "2012.09.03"]
[Round "3"]
[White "Gosciniak, Maria"]
[Black "Golek, Jagoda"]
[Result "1/2-1/2"]
[WhiteElo "2135"]
[BlackElo "2061"]
[EventDate "2012.09.01"]

1.e4 c5 2.Nf3 e6 3.d4 cxd4 4.Nxd4 a6 5.Bd3 Bc5 6.Nb3 Be7 7.O-O Qc7 8.Be3 
d6 9.Nc3 Nf6 10.f4 Nbd7 11.a4 b6 12.Qe2 Bb7 13.Rae1 g6 14.Kh1 h5 15.Nd4 
Nc5 16.Bd2 h4 17.b4 Nxd3 18.cxd3 d5 19.e5 Nh5 20.b5 a5 21.Qg4 Ng7 22.Rc1 
Qd7 23.Nce2 Bc5 24.Be3 h3 25.g3 Nf5 26.Bf2 Rc8 27.Kg1 Ba3 28.Rxc8+ Qxc8 
29.Qf3 Bc5 30.g4 Nxd4 31.Nxd4 Qd7 32.Rc1 Ba3 33.Rc2 Bc5 34.Kf1 Qe7 35.Qe3 
Kd7 36.Ke2 Rc8 37.Kd1 Qf8 38.Qxh3 Bxd4 39.Rxc8 Bxc8 40.Bxd4 Qb4 41.Qe3 
1/2-1/2

[Event "POL-ChT3"]
[Site "Lazy POL"]
[Date "2012.09.03"]
[Round "3"]
[White "Pakleza, Zbigniew"]
[Black "Butkiewicz, Lukasz"]
[Result "1/2-1/2"]
[WhiteElo "2475"]
[BlackElo "2390"]
[EventDate "2012.09.01"]

1.d4 Nf6 2.Nf3 c5 3.c3 b6 4.Bf4 d6 5.h3 Bb7 6.e3 Nbd7 7.Be2 g6 8.O-O Bg7 
9.a4 O-O 10.Nbd2 Re8 11.Bh2 Qc7 12.Qb3 Bd5 13.Bc4 Bxc4 14.Qxc4 Qb7 15.Rfe1
d5 16.Qb3 Rac8 17.Ne5 Nxe5 18.Bxe5 Nd7 19.Bxg7 Kxg7 20.f4 e6 21.g4 Qc7 22.
Rf1 f6 23.Rf2 c4 24.Qd1 e5 25.Qf3 exf4 26.exf4 Qd6 27.Nf1 Re7 28.Re2 Rce8 
29.Rae1 Rxe2 30.Rxe2 Rxe2 31.Qxe2 Nb8 32.Qf3 Nc6 33.Ne3 Ne7 34.Kg2 Kf7 35.
h4 Qd7 36.Kg3 Qd6 37.Kg2 Qd7 38.Kg3 Qd6 39.Kg2 Qd7 40.Kg3 Qd6 1/2-1/2

[Event "POL-ChT3"]
[Site "Lazy POL"]
[Date "2012.09.03"]
[Round "3"]
[White "Lercel, Michal"]
[Black "Jedynak, Radoslaw"]
[Result "0-1"]
[WhiteElo "2173"]
[BlackElo "2492"]
[EventDate "2012.09.01"]

1.c4 e6 2.Nf3 Nf6 3.d4 Bb4+ 4.Bd2 Qe7 5.g3 Nc6 6.Bg2 Bxd2+ 7.Nbxd2 d6 8.
O-O e5 9.d5 Nb8 10.e4 Bg4 11.Qc2 Bxf3 12.Nxf3 Nbd7 13.Nh4 g6 14.Rae1 a5 
15.f4 Nh5 16.Bh3 exf4 17.Qa4 Rd8 18.Nf5 Qg5 19.Nd4 fxg3 20.Bxd7+ Ke7 21.h3
Qd2 22.Nf3 Qxb2 23.e5 Nf4 24.exd6+ Kf8 25.Nd2 Qxd2 26.Rxf4 Qh2+ 27.Kf1 g2+
0-1

[Event "POL-ChT3"]
[Site "Lazy POL"]
[Date "2012.09.03"]
[Round "3"]
[White "Czakon, Jakub"]
[Black "Gomulka, Jaroslaw"]
[Result "1-0"]
[WhiteElo "2486"]
[BlackElo "2107"]
[EventDate "2012.09.01"]

1.d4 c5 2.d5 e5 3.e4 d6 4.Bb5+ Nd7 5.Nf3 Be7 6.O-O a6 7.Be2 b5 8.a4 b4 9.
a5 h5 10.Nbd2 Nh6 11.Nc4 g5 12.c3 bxc3 13.bxc3 g4 14.Nfd2 Nf8 15.Nb6 Ra7 
16.Nxc8 Qxc8 17.Nc4 Ng6 18.g3 Kf8 19.Rb1 Kg7 20.Rb6 Qd7 21.Be3 f5 22.Bxh6+
Rxh6 23.exf5 Qxf5 24.Ne3 Qg5 25.Bd3 Rh8 26.Nf5+ Kf7 27.f3 Ke8 28.Qa4+ Kf7 
29.fxg4 hxg4 30.Nxd6+ Kg7 31.Rf7+ Kh6 32.Nf5+ Kh5 33.Ng7+ 1-0

[Event "POL-ChT3"]
[Site "Lazy POL"]
[Date "2012.09.03"]
[Round "3"]
[White "Stepien, Marcin"]
[Black "Szoen, Dariusz"]
[Result "0-1"]
[WhiteElo "2132"]
[BlackElo "2418"]
[EventDate "2012.09.01"]

1.e4 d5 2.exd5 Qxd5 3.Nc3 Qd8 4.d4 Nf6 5.Nf3 Bg4 6.h3 Bh5 7.Qd3 c6 8.Ne5 
e6 9.Be2 Bxe2 10.Nxe2 Nbd7 11.Nxd7 Qxd7 12.O-O Rd8 13.Bg5 Be7 14.Rfd1 Qc7 
15.Bf4 Qb6 16.Qb3 Qa6 17.Qd3 Qa5 18.c4 O-O 19.Qc2 Rd7 20.b3 Rfd8 21.Bd2 
Qa6 22.a4 c5 23.dxc5 Bxc5 24.Be1 Qc6 25.b4 Be7 26.Rxd7 Rxd7 27.Rc1 b6 28.
a5 bxa5 29.b5 Qb6 30.Nc3 Bb4 31.Na4 Qd8 32.c5 Bxe1 33.Rxe1 Rd2 34.Qc4 Qd4 
35.Qxd4 Rxd4 36.b6 axb6 37.Nxb6 Nd7 38.Ra1 Nxc5 39.Rxa5 Nb7 40.Ra7 Nd8 41.
Nd7 h5 42.Rc7 h4 43.Kf1 g5 44.Ke2 Kg7 45.Ke3 Rd6 46.Ne5 Rd5 47.Ke4 Rd1 48.
Nd3 Ra1 49.Nc5 Kg6 50.Nd7 Ra4+ 51.Ke3 Ra6 52.Ke4 Ra4+ 53.Ke3 f6 54.Nc5 
Ra3+ 55.Ke2 Kf5 56.Nd3 e5 57.Nc5 Ne6 58.Nxe6 Kxe6 59.Rc6+ Kf5 60.Rc4 e4 
61.Rc6 Ke5 62.Rc5+ Kf4 63.Rc2 f5 64.Rb2 Ra1 65.Rb4 Rg1 66.Rb3 g4 67.hxg4 
fxg4 68.Rb8 Rxg2 69.Rf8+ Ke5 70.Re8+ Kf5 71.Rf8+ Kg6 72.Kf1 h3 73.Re8 Rh2 
74.Kg1 Rg2+ 75.Kf1 g3 76.fxg3 Rd2 77.Kg1 Kf5 78.Rg8 e3 79.Re8 Re2 80.Kh1 
Kg4 81.Rg8+ Kf3 82.Rg7 Rf2 83.Kg1 h2+ 84.Kh1 e2 85.Rf7+ Ke3 86.Re7+ Kd4 
0-1